[Event "Suedwestfalen-ch U16"]
[Site "Meinerzhagen"]
[Date "2004.04.07"]
[Round "7"]
[White "Ganghoff, Fabienne"]
[Black "Fachadas Lehnen, Sara"]
[Result "1/2-1/2"]
[WhiteElo "1146"]
[BlackElo "1254"]
[PlyCount "56"]
[EventDate "2004.04.03"]
[EventType "tourn"]
[EventRounds "7"]
[EventCountry "GER"]
[SourceTitle "EXT 2006"]
[Source "ChessBase"]
[SourceDate "2005.11.24"]
[SourceVersion "1"]
[SourceVersionDate "2005.11.24"]
[SourceQuality "1"]

1. e4 e5 2. Nf3 Nc6 3. Bc4 Nf6 4. Nc3 Nxe4 5. Nxe4 d5 6. Bxd5 Qxd5 7. d3 Be7 8. 0-0 f6 9. c4 Qd8 10. Be3 0-0 11. a3 f5 12. Nc3 f4 13. Bc1 Be6 14. Re1 Bg4 15. h3 Bxf3 16. Qxf3 Nd4 17. Qd1 Rf5 18. Re4 Qe8 19. Nd5 Rc8 20. Qg4 g6 21. Qd1 c6 22. Nxe7+ Qxe7 23. Bd2 Qf6 24. Bc3 Ne6 25. Qe2 Qg5 26. f3 Re8 27. Rxe5 Rxe5 28. Qxe5 Qxe5 1/2-1/2

[Event "Suedwestfalen-ch U16"]
[Site "Meinerzhagen"]
[Date "2004.04.06"]
[Round "5"]
[White "Ganghoff, Fabienne"]
[Black "Schaffert, Michael"]
[Result "1/2-1/2"]
[WhiteElo "1146"]
[BlackElo "1177"]
[PlyCount "27"]
[EventDate "2004.04.03"]
[EventType "tourn"]
[EventRounds "7"]
[EventCountry "GER"]
[SourceTitle "EXT 2006"]
[Source "ChessBase"]
[SourceDate "2005.11.24"]
[SourceVersion "1"]
[SourceVersionDate "2005.11.24"]
[SourceQuality "1"]

1. e4 e6 2. d4 d5 3. e5 Bd7 4. Nf3 c5 5. Be3 b6 6. Bd3 Nc6 7. c4 Nb4 8. 0-0 Nxd3 9. Qxd3 Rc8 10. b3 Ne7 11. Nc3 cxd4 12. Bxd4 Bc6 13. c5 bxc5 14. Bxc5 1/2-1/2

[Event "Suedwestfalen-ch U16"]
[Site "Meinerzhagen"]
[Date "2004.04.04"]
[Round "2"]
[White "Ganghoff, Fabienne"]
[Black "Baran, Daniel"]
[Result "1/2-1/2"]
[WhiteElo "1146"]
[BlackElo "1472"]
[PlyCount "39"]
[EventDate "2004.04.03"]
[EventType "tourn"]
[EventRounds "7"]
[EventCountry "GER"]
[SourceTitle "EXT 2006"]
[Source "ChessBase"]
[SourceDate "2005.11.24"]
[SourceVersion "1"]
[SourceVersionDate "2005.11.24"]
[SourceQuality "1"]

1. e4 c5 2. Nf3 e6 3. Nc3 d5 4. exd5 exd5 5. d4 cxd4 6. Nxd4 Nf6 7. Bf4 a6 8. Bd3 Bb4 9. Qd2 Qe7+ 10. Be3 Ng4 11. 0-0-0 Nxe3 12. fxe3 Bxc3 13. Qxc3 Qxe3+ 14. Kb1 0-0 15. Rde1 Qg5 16. g3 Qd8 17. Rhf1 Bd7 18. Bf5 Nc6 19. Bxd7 Qxd7 20. Nf5 1/2-1/2

[Event "Suedwestfalen-ch U16"]
[Site "Meinerzhagen"]
[Date "2004.04.03"]
[Round "1"]
[White "Sander, Kevin"]
[Black "Ganghoff, Fabienne"]
[Result "1/2-1/2"]
[WhiteElo "1600"]
[BlackElo "1146"]
[PlyCount "55"]
[EventDate "2004.04.03"]
[EventType "tourn"]
[EventRounds "7"]
[EventCountry "GER"]
[SourceTitle "EXT 2006"]
[Source "ChessBase"]
[SourceDate "2005.11.24"]
[SourceVersion "1"]
[SourceVersionDate "2005.11.24"]
[SourceQuality "1"]

1. e4 e5 2. Nf3 Nc6 3. Bc4 h6 4. Nc3 Nf6 5. d4 exd4 6. Nxd4 Bc5 7. Be3 d6 8. Nxc6 bxc6 9. Bxc5 dxc5 10. Qxd8+ Kxd8 11. 0-0-0+ Ke8 12. Rd2 Be6 13. Bxe6 fxe6 14. f4 Rd8 15. Rhd1 Ke7 16. h3 g5 17. fxg5 hxg5 18. Rxd8 Rxd8 19. Rxd8 Kxd8 20. Kd2 e5 21. Ke3 c4 22. Ne2 Kd7 23. g3 Kd6 24. Kf3 Kc5 25. c3 Kb5 26. h4 g4+ 27. Ke3 Ka4 28. Nf4 1/2-1/2